One Word Television Quiz Stats

 Plays Quiz Updated Feb 16, 2016

Score 0/44 Timer 07:00
3 Plays Today
% Correct
Baywatch
93.4%
Glee
92.7%
Cheers
90.8%
Lost
90.4%
Punk'd
89.6%
Bewitched
89%
Taxi
88.2%
Smallville
87.3%
Friends
86.2%
Batman
85.7%
Survivor
85.7%
Dexter
85.2%
Cops
84.2%
Frasier
83.5%
Elementary
81.5%
Seinfeld
80.5%
Monk
80%
Animaniacs
78.7%
Emergency!
78.5%
Columbo
78%
Scrubs
77.3%
Clueless
77%
% Correct
Heroes
75.2%
Jeopardy!
75.1%
Supernatural
74.5%
Coach
72.7%
Entourage
71.3%
Futurama
71.1%
Roseanne
71%
Bonanza
68.4%
Dragnet
67.9%
Rhoda
64.6%
Community
64.5%
Ironside
63.2%
Newhart
61%
Maude
60.1%
Firefly
59.8%
Oz
59.7%
Gunsmoke
59.3%
Psych
59%
Alice
57.9%
Suburgatory
56.8%
Southland
50.7%
Sliders
47.3%

You're not logged in!

Compare scores with friends on all Sporcle quizzes.
OR
Log In

Show Comments

Extras

Top Quizzes Today


Score Distribution

Your Account Isn't Verified!

In order to create a playlist on Sporcle, you need to verify the email address you used during registration. Go to your Sporcle Settings to finish the process.

Report this User

Report this user for behavior that violates our Community Guidelines.

Details: